<?xml version="1.0" encoding="UTF-8"?><?xml-stylesheet type="text/xsl" href="static/style.xsl"?><OAI-PMH xmlns="http://www.openarchives.org/OAI/2.0/" xmlns:xsi="http://www.w3.org/2001/XMLSchema-instance" xsi:schemaLocation="http://www.openarchives.org/OAI/2.0/ http://www.openarchives.org/OAI/2.0/OAI-PMH.xsd"><responseDate>2026-06-29T02:29:18Z</responseDate><request verb="GetRecord" identifier="oai:docta.ucm.es:20.500.14352/117339" metadataPrefix="marc">https://docta.ucm.es/rest/oai/request</request><GetRecord><record><header><identifier>oai:docta.ucm.es:20.500.14352/117339</identifier><datestamp>2025-01-31T01:14:59Z</datestamp><setSpec>com_20.500.14352_14</setSpec><setSpec>col_20.500.14352_15</setSpec></header><metadata><record xmlns="http://www.loc.gov/MARC21/slim" xmlns:dcterms="http://purl.org/dc/terms/" xmlns:xsi="http://www.w3.org/2001/XMLSchema-instance" xmlns:doc="http://www.lyncode.com/xoai" xsi:schemaLocation="http://www.loc.gov/MARC21/slim http://www.loc.gov/standards/marcxml/schema/MARC21slim.xsd">
   <leader>00925njm 22002777a 4500</leader>
   <datafield ind2=" " ind1=" " tag="042">
      <subfield code="a">dc</subfield>
   </datafield>
   <datafield ind2=" " ind1=" " tag="720">
      <subfield code="a">Martínez Mendizábal, Ignacio</subfield>
      <subfield code="e">author</subfield>
   </datafield>
   <datafield ind2=" " ind1=" " tag="720">
      <subfield code="a">Cabello García, Sonia</subfield>
      <subfield code="e">author</subfield>
   </datafield>
   <datafield ind2=" " ind1=" " tag="260">
      <subfield code="c">2015</subfield>
   </datafield>
   <datafield ind2=" " ind1=" " tag="520">
      <subfield code="a">Este artículo se publicó en 2015 en el Períodico de Atapuerca, con motivo de una serie de exposiciones celebradas en el Museo de la Evolución Humana (MEH),en homenaje a la Sima de los Huesos y en concreto, al Ursus deningueri, la especie fósil mejor representada en el yacimiento y que responde a una especie de oso ya extinguida, autóctona de la Sierra de Atapuerca.
La primera de esas exposiciones mostró dos objetos extraordinarios: por una parte, el propio cráneo de Isidro, que fue expuesto por primera vez al público; y por otro lado, una escultura, a tamaño natural, de uno de aquellos especímenes de oso. Esta escultura, que desde entonces forma parte de la colección permanente del Museo de la Evolución Humana, es obra de la escultora Sonia Cabello, y contó con el asesoramiento científico de la especialista del Equipo de Investigación de Atapuerca, Nuria García.</subfield>
   </datafield>
   <datafield ind1="8" ind2=" " tag="024">
      <subfield code="a">https://hdl.handle.net/20.500.14352/117339</subfield>
   </datafield>
   <datafield ind1="8" ind2=" " tag="024">
      <subfield code="a">https://www.atapuerca.org/media/DOC/0578AE23-B839-AD32-80092F2A4DBB495B.PDF</subfield>
   </datafield>
   <datafield ind2="0" ind1="0" tag="245">
      <subfield code="a">Homenaje al Oso de la Sima de los Huesos</subfield>
   </datafield>
</record></metadata></record></GetRecord></OAI-PMH>